Normal view
MARC view
- الحضارة الاسلامية- العلوم والتكنولوجيا-العلماء- تاريخ العرب
Entry Topical Term
001 - CONTROL NUMBER
- control field: 61365
003 - CONTROL NUMBER IDENTIFIER
- control field: JO-AjAnu
005 - DATE AND TIME OF LATEST TRANSACTION
- control field: 20230606084028.0
008 - FIXED-LENGTH DATA ELEMENTS
- fixed length control field: 230606|| aca||aabn | a|a d
040 ## - CATALOGING SOURCE
- Original cataloging agency: JO-AjAnu
- Transcribing agency: JO-AjAnu
150 ## - HEADING--TOPICAL TERM
- Topical term or geographic name entry element: الحضارة الاسلامية- العلوم والتكنولوجيا-العلماء- تاريخ العرب
670 ## - SOURCE DATA FOUND
- Source citation: Work cat.: (JO-AjAnu)31302: مجمع اللغة العربية الاردني؛ تحرير علمي: عبدالقادر عابد، سرى سبع العيش, author 61364, تاريخ العلوم والتكنولوجيا في الحضارة العربية الاسلامية